00638nam a22001934a 45000050016000000080041000160100013000570200026000700350013000960370008001090400018001170820011001351000017001462450093001632600045002562700066003013000045003675000032004122010040500290.0020919s2003 nyuab b 001 0 eng  aB-379455 a9788180696664c800.00 aB-379455 bUBH adplbEnglish  a954.16 aJolly, U.S.  aChallenges for a mega city:bDelhi-a planned city with unplanned growth /cby U.S. Jolly aNew Delhi bConcept Publishing Co.c2010 aA/15-16, Commercial Block, Mohan Garden, bNew Delhi e110059 axvi, 311 p. :bcol. photos c23 cm(Hb)  aIncludes glossary and index